Word Ladder: Before and After TV Quiz Stats

 Plays Quiz Updated Jul 17, 2017

Support Sporcle.
Go Orange.
Score 0/17 Timer 02:00
1 Play Today
Hint 4-Letter Word % Correct
Goatee locationCHIN
93.1%
UtteredSAID
91.8%
Mast attachmentSAIL
90.3%
LankyTALL
86%
Follow, like a private eyeTAIL
85.9%
TibiaSHIN
85.8%
Thin incisionSLIT
82.3%
_____ d'IvoireCÔTE
82.3%
GlidedSLID
81%
Hint 4-Letter Word % Correct
Sacagawea dollar, for oneCOIN
79.2%
CenterCORE
75.8%
Put in a bibliographyCITE
75.5%
[Rung 1][Rung 9]: 90s Disney cartoon based on Jungle Book characters; [Rung 9][Rung 17]: 90s Michael J. Fox sitcom set in New York--SPIN--
74.3%
[Rung 9][Rung 17]: 90s Michael J. Fox sitcom set in New York--CITY--
73.4%
ExpectorateSPIT
72.9%
Word with pop or candyCORN
72.7%
[Rung 1][Rung 9]: 90s Disney cartoon based on Jungle Book characters--TALE--
48.5%

Today's Daily Dose

You're not logged in!

Compare scores with friends on all Sporcle quizzes.
OR
Log In
Forgot?

From the Vault

Close-Up 'Q' Images

by Chenchilla

There are some quality 'Q' images in this quaint little quiz.
Remove Ads.
Support Sporcle.
Get the best of Sporcle when you Go Orange. This ad-free experience offers more features, more stats, and more fun while also helping to support Sporcle. Thank you for becoming a member.

Show Comments

Extras

Top Quizzes Today


Score Distribution

Your Account Isn't Verified!

In order to create a playlist on Sporcle, you need to verify the email address you used during registration. Go to your Sporcle Settings to finish the process.

Report this User

Report this user for behavior that violates our Community Guidelines.

Details: